Govt. of
Madhya Pradesh

Jassa Singh Ahluwalia (1718-1783) The Forgotten of Punjab (Record no. 48034)

MARC details
000 -LEADER
fixed length control field 004650000a22001810004500
003 - CONTROL NUMBER IDENTIFIER
control field MACL
005 - DATE AND TIME OF LATEST TRANSACTION
control field 20151011173152.0
008 - FIXED-LENGTH DATA ELEMENTS--GENERAL INFORMATION
fixed length control field 151011b xxu||||| |||| 00| 0 eng d
040 ## - CATALOGING SOURCE
Original cataloging agency MACL
Transcribing agency MACL
041 ## - LANGUAGE CODE
Language code of text/sound track or separate title English
082 ## - DEWEY DECIMAL CLASSIFICATION NUMBER
Classification number 920/DHA
100 ## - MAIN ENTRY--PERSONAL NAME
Personal name Dhamija,Sumant
9 (RLIN) 14491
245 ## - TITLE STATEMENT
Title Jassa Singh Ahluwalia (1718-1783) The Forgotten of Punjab
260 ## - PUBLICATION, DISTRIBUTION, ETC. (IMPRINT)
Place of publication, distribution, etc. New Delhi
Name of publisher, distributor, etc. Esha Bereillle
Date of publication, distribution, etc. 2011
350 ## - PRICE (NR) (BK AM CF MU VM SE) [OBSOLETE]
Price 00
650 ## - SUBJECT ADDED ENTRY--TOPICAL TERM
Topical term or geographic name as entry element Biogrophy
9 (RLIN) 13822
942 ## - ADDED ENTRY ELEMENTS (KOHA)
Koha item type Books
Source of classification or shelving scheme
Holdings
Withdrawn status Lost status Source of classification or shelving scheme Damaged status Not for loan Home library Current library Date acquired Total Checkouts Total Renewals Full call number Barcode Date last seen Date last checked out Uniform Resource Identifier Price effective from Koha item type
          MACL MACL 15/04/2015 2 1 920/DHA CRE030222 02/05/2024 05/12/2017 48891 15/04/2015 Books